[Event "RM-2014-0-00144"]
[Site "LSS email"]
[Date "2014.08.01"]
[Round "?"]
[White "Bormida, Adolfo A"]
[Black "Szabo, Mihaly"]
[Result "1/2-1/2"]
[WhiteElo "2232"]
[BlackElo "2254"]
[PlyCount "47"]
[EventDate "2014.06.30"]
[EventType "tourn (corr)"]
[EventRounds "6"]
[EventCountry "GER"]
[SourceTitle "Corr 2015"]
[Source "ChessBase"]
[SourceDate "2015.07.17"]
[SourceVersion "1"]
[SourceVersionDate "2015.07.17"]
[SourceQuality "1"]

1. e4 c6 2. Nf3 d5 3. Nc3 Nf6 4. e5 Ne4 5. Ne2 Qb6 6. d4 e6 7. Ng3 c5 8. Bd3 Nxg3 9. hxg3 cxd4 10. a3 Nc6 11. b4 Bd7 12. 0-0 a6 13. Re1 h6 14. Bb2 Be7 15. Qd2 Rc8 16. Rac1 0-0 17. Nxd4 a5 18. b5 Bg5 19. f4 Nxd4 20. Qf2 Be7 21. Bxd4 Qxd4 22. Qxd4 Bc5 23. c3 Rc7 24. Kf1 1/2-1/2

[Event "RM-2013-0-00134"]
[Site "LSS email"]
[Date "2014.02.21"]
[Round "?"]
[White "Khan, Valery"]
[Black "Bormida, Adolfo A"]
[Result "1/2-1/2"]
[WhiteElo "2155"]
[BlackElo "2216"]
[PlyCount "71"]
[EventDate "2013.11.03"]
[EventType "tourn (corr)"]
[EventRounds "6"]
[EventCountry "GER"]
[SourceTitle "Telechess CBM 167"]
[Source "ChessBase"]
[SourceDate "2015.07.13"]
[SourceVersion "1"]
[SourceVersionDate "2015.07.13"]
[SourceQuality "1"]

1. d4 Nf6 2. c4 g6 3. Nf3 Bg7 4. Nc3 d6 5. g3 0-0 6. Bg2 c5 7. dxc5 dxc5 8. 0-0 Nc6 9. Bf4 Bf5 10. Ne5 Nd4 11. e3 Ne6 12. Qb3 Rb8 13. Rad1 Qc8 14. Nd3 Nxf4 15. exf4 a6 16. Ne5 Qc7 17. Rfe1 h5 18. Bd5 e6 19. Bf3 Rfd8 20. Rxd8+ Qxd8 21. Rd1 Qc7 22. Rd2 g5 23. fxg5 Qxe5 24. Re2 Qd4 25. gxf6 Qxf6 26. Ne4 Bxe4 27. Bxe4 h4 28. Kg2 Qg5 29. Qf3 b6 30. b3 Rd8 31. h3 Be5 32. Bb7 hxg3 33. fxg3 Rd2 34. Rxd2 Qxd2+ 35. Qf2 Qd3 36. Qf3 1/2-1/2

[Event "RM-2013-0-00132"]
[Site "LSS email"]
[Date "2013.12.26"]
[Round "?"]
[White "Khan, Valery"]
[Black "Bormida, Adolfo A"]
[Result "1/2-1/2"]
[WhiteElo "2122"]
[BlackElo "2268"]
[PlyCount "145"]
[EventDate "2013.10.16"]
[EventType "tourn (corr)"]
[EventRounds "6"]
[EventCountry "GER"]
[SourceTitle "Telechess CBM 167"]
[Source "ChessBase"]
[SourceDate "2015.07.13"]
[SourceVersion "1"]
[SourceVersionDate "2015.07.13"]
[SourceQuality "1"]

1. d4 Nf6 2. c4 g6 3. Nc3 Bg7 4. g3 0-0 5. Bg2 d6 6. Nf3 c6 7. 0-0 Nbd7 8. e4 e5 9. h3 Re8 10. b3 exd4 11. Nxd4 Nc5 12. Re1 a5 13. Bf4 Nh5 14. Be3 Nf6 15. Qc2 Qe7 16. Rad1 Nfd7 17. Re2 Ne5 18. f4 Ned7 19. Bf2 Qd8 20. e5 dxe5 21. Nxc6 bxc6 22. Bxc5 exf4 23. Rxe8+ Qxe8 24. Bxc6 Ra6 25. Bxd7 Bxd7 26. Nd5 Re6 27. Nxf4 Re5 28. Qd2 Rxc5 29. Qxd7 Qe3+ 30. Kg2 Qe4+ 31. Kh2 Re5 32. Rd2 Qf3 33. Qg4 Qf1 34. Qc8+ Bf8 35. Qa8 Qc1 36. Rd8 Qa3 37. h4 Re1 38. h5 g5 39. Ng2 Re5 40. Qc6 Qe7 41. Qd7 Qxd7 42. Rxd7 Bc5 43. g4 h6 44. Rd2 Kf8 45. Kg3 Ke7 46. Rd3 Re2 47. a3 Bg1 48. b4 Ke6 49. Rd1 Ba7 50. c5 Ra2 51. Re1+ Kd7 52. Re3 f5 53. gxf5 Bb8+ 54. Kf3 g4+ 55. Kxg4 Rxg2+ 56. Kf3 Rg5 57. Ke4 axb4 58. axb4 Rg4+ 59. Kd5 Rf4 60. c6+ Kd8 61. Rd3 Kc7 62. Ke6 Re4+ 63. Kf7 Kxc6 64. f6 Rg4 65. b5+ Kc5 66. Re3 Bd6 67. Ke6 Bf8 68. Rc3+ Kxb5 69. Rc8 Bc5 70. f7 Rf4 71. Rh8 Rf2 72. Rxh6 Re2+ 73. Kf6 1/2-1/2

[Event "SM-2013-0-00281"]
[Site "LSS email"]
[Date "2013.12.22"]
[Round "?"]
[White "Bormida, Adolfo A"]
[Black "Steinke, Ruediger"]
[Result "0-1"]
[WhiteElo "2232"]
[BlackElo "2217"]
[PlyCount "48"]
[EventDate "2013.12.04"]
[EventType "tourn (corr)"]
[EventRounds "6"]
[EventCountry "GER"]
[SourceTitle "Corr 2015"]
[Source "ChessBase"]
[SourceDate "2015.07.17"]
[SourceVersion "1"]
[SourceVersionDate "2015.07.17"]
[SourceQuality "1"]

1. e4 c5 2. Nf3 d6 3. d4 cxd4 4. Nxd4 Nf6 5. Nc3 a6 6. Be3 e5 7. Nf3 Be7 8. Bc4 0-0 9. 0-0 Be6 10. Bxe6 fxe6 11. Na4 Ng4 12. Qd3 Nxe3 13. Qxe3 b5 14. Nb6 Ra7 15. Nd5 Rb7 16. Qd2 Nd7 17. Rad1 Bh4 18. Nxh4 Qxh4 19. f3 Qd8 20. Rf2 Nc5 21. Ne3 Rbf7 22. Ng4 Nb7 23. Qb4 Qb6 24. a4 h5 0-1

[Event "SM-2013-0-00281"]
[Site "LSS email"]
[Date "2013.12.22"]
[Round "?"]
[White "Razumichin, Andrey Mikhailovich"]
[Black "Bormida, Adolfo A"]
[Result "1/2-1/2"]
[WhiteElo "2211"]
[BlackElo "2232"]
[PlyCount "60"]
[EventDate "2013.12.04"]
[EventType "tourn (corr)"]
[EventRounds "6"]
[EventCountry "GER"]
[SourceTitle "Corr 2015"]
[Source "ChessBase"]
[SourceDate "2015.07.17"]
[SourceVersion "1"]
[SourceVersionDate "2015.07.17"]
[SourceQuality "1"]

1. e4 c5 2. Nf3 g6 3. c3 Bg7 4. d4 cxd4 5. cxd4 d5 6. e5 Bg4 7. Nbd2 Nc6 8. h3 Bxf3 9. Nxf3 e6 10. b4 a6 11. Rb1 Nge7 12. b5 axb5 13. Bxb5 Rxa2 14. 0-0 0-0 15. Bxc6 bxc6 16. Rb7 Re8 17. Bg5 Bf8 18. Qb3 Qa8 19. Bf6 h6 20. Rc1 Nf5 21. g4 Ne7 22. Kg2 Qa6 23. Ng1 Ra3 24. Rb6 Qa8 25. Qb1 Rc8 26. Ne2 g5 27. Bxe7 Bxe7 28. Ng3 Bd8 29. Nh5 Ra7 30. Rb4 Be7 1/2-1/2

[Event "RM-2013-0-00131"]
[Site "LSS email"]
[Date "2013.12.14"]
[Round "?"]
[White "Silva Filho, Alcindo Luz Bastos"]
[Black "Bormida, Adolfo A"]
[Result "0-1"]
[WhiteElo "2001"]
[BlackElo "2268"]
[PlyCount "140"]
[EventDate "2013.08.28"]
[EventType "tourn (corr)"]
[EventRounds "6"]
[EventCountry "GER"]
[SourceTitle "Telechess CBM 167"]
[Source "ChessBase"]
[SourceDate "2015.07.13"]
[SourceVersion "1"]
[SourceVersionDate "2015.07.13"]
[SourceQuality "1"]

1. e4 c5 2. Nf3 g6 3. d4 cxd4 4. Nxd4 Nc6 5. Nc3 Bg7 6. Be3 Nf6 7. Bc4 Qa5 8. 0-0 0-0 9. Nb3 Qc7 10. f4 d6 11. Be2 b6 12. Bf3 Ba6 13. Rf2 Rad8 14. Nd5 Qb7 15. c3 e6 16. Nxf6+ Bxf6 17. a4 Rfe8 18. a5 e5 19. f5 gxf5 20. exf5 e4 21. Be2 Bxe2 22. Qxe2 d5 23. Qh5 Ne5 24. Nd4 Kh8 25. axb6 Qxb6 26. Re2 Nc4 27. Bf2 e3 28. Be1 Rd7 29. Rd1 Rde7 30. Nc2 Nd2 31. Qh6 Re4 32. h3 d4 33. cxd4 Bxd4 34. Qxb6 Bxb6 35. Kh1 Kg7 36. g3 Kf6 37. Kg2 Kxf5 38. Nxe3+ Rxe3 39. Rf2+ Kg6 40. Bxd2 R3e4 41. Rff1 Re2+ 42. Kf3 R8e6 43. b4 Rh2 44. h4 h5 45. Bf4 Rc2 46. Rd5 Rc3+ 47. Kg2 Re2+ 48. Kh3 f6 49. Rd2 Rxd2 50. Bxd2 Rb3 51. Rc1 Bf2 52. Rc3 Rxc3 53. Bxc3 a6 54. Kg2 Ba7 55. Kf3 Kf5 56. Bb2 Bb8 57. Bc3 Be5 58. Bd2 Kg6 59. Be1 f5 60. Ke3 Kf6 61. Kd3 Bd6 62. Kd4 Ke6 63. Kc3 Ke5 64. Kd3 Kd5 65. Bc3 Bxg3 66. Bf6 f4 67. Bg5 Ke5 68. Ke2 Ke4 69. Be7 f3+ 70. Kf1 Kf4 0-1

[Event "BI-2012-F-00001"]
[Site "LSS email"]
[Date "2013.02.15"]
[Round "?"]
[White "Bormida, Adolfo A"]
[Black "Koch, Christian"]
[Result "1/2-1/2"]
[WhiteElo "2262"]
[BlackElo "2142"]
[PlyCount "66"]
[EventDate "2013.02.20"]
[EventType "tourn (corr)"]
[EventRounds "10"]
[EventCountry "GER"]
[SourceTitle "Telechess CBM 163"]
[Source "ChessBase"]
[SourceDate "2014.11.11"]
[SourceVersion "2"]
[SourceVersionDate "2014.11.11"]
[SourceQuality "1"]

1. e4 c5 2. Nc3 Nc6 3. f4 g6 4. Nf3 Bg7 5. Bb5 Nd4 6. 0-0 Nxb5 7. Nxb5 d6 8. d3 a6 9. Nc3 Nf6 10. Qe1 Bg4 11. h3 Bxf3 12. Rxf3 0-0 13. f5 e6 14. Be3 Qb6 15. Rb1 Nd7 16. Kh1 Rfe8 17. Qd2 exf5 18. exf5 Bxc3 19. Qxc3 Qb4 20. Qxb4 cxb4 21. Re1 Rac8 22. fxg6 hxg6 23. Rf2 Nb6 24. Rfe2 Nd5 25. Bd4 Rxe2 26. Rxe2 f5 27. Kg1 Kf7 28. Kf1 Nf4 29. Rf2 Ne6 30. Bb6 Ke7 31. Ke1 Rh8 32. Rf3 Kd7 33. Kd1 Kc6 1/2-1/2

[Event "BI-2012-F-00001"]
[Site "LSS email"]
[Date "2013.02.15"]
[Round "?"]
[White "Bormida, Adolfo A"]
[Black "Konstantinov, Maxim"]
[Result "1-0"]
[WhiteElo "2262"]
[BlackElo "2218"]
[PlyCount "71"]
[EventDate "2013.02.20"]
[EventType "tourn (corr)"]
[EventRounds "10"]
[EventCountry "GER"]
[SourceTitle "Telechess CBM 163"]
[Source "ChessBase"]
[SourceDate "2014.11.11"]
[SourceVersion "2"]
[SourceVersionDate "2014.11.11"]
[SourceQuality "1"]

1. e4 c5 2. Nc3 d6 3. f4 Nc6 4. Nf3 g6 5. Bb5 Bd7 6. 0-0 Bg7 7. d3 Nf6 8. Bxc6 Bxc6 9. Qe1 0-0 10. Qh4 Qd7 11. h3 e6 12. e5 Ne8 13. Ng5 h5 14. g4 f6 15. exf6 Nxf6 16. Bd2 Rae8 17. Rae1 Bh8 18. Nce4 Nxe4 19. dxe4 hxg4 20. Bc3 Bxc3 21. bxc3 d5 22. e5 g3 23. Re3 d4 24. Rxg3 dxc3 25. Rd3 Qg7 26. Rxc3 Bd5 27. Rd1 b5 28. Rg3 Rf5 29. Rg4 Re7 30. Kh2 Rd7 31. Qg3 Qe7 32. Rxd5 Rxd5 33. Nxe6 Rd2+ 34. Kg1 g5 35. Nxg5 Kf8 36. Qh4 1-0

[Event "BI-2012-F-00001"]
[Site "LSS email"]
[Date "2013.02.15"]
[Round "?"]
[White "Bormida, Adolfo A"]
[Black "Oliveira, Diogo Luiz"]
[Result "1/2-1/2"]
[WhiteElo "2262"]
[BlackElo "2123"]
[PlyCount "122"]
[EventDate "2013.02.20"]
[EventType "tourn (corr)"]
[EventRounds "10"]
[EventCountry "GER"]
[SourceTitle "Telechess CBM 163"]
[Source "ChessBase"]
[SourceDate "2014.11.11"]
[SourceVersion "2"]
[SourceVersionDate "2014.11.11"]
[SourceQuality "1"]

1. e4 e5 2. Nf3 Nc6 3. Bb5 Nf6 4. d3 Bc5 5. 0-0 d6 6. c3 0-0 7. Nbd2 a6 8. Ba4 b5 9. Bc2 h6 10. Re1 Bb6 11. h3 Re8 12. Nf1 d5 13. g4 Be6 14. Ng3 d4 15. Nf5 Bxf5 16. gxf5 Qd6 17. Kh2 dxc3 18. bxc3 Bxf2 19. Re2 Ba7 20. Rg2 Kh8 21. Qe1 Rg8 22. Qh4 Nh7 23. Bd2 a5 24. Qg3 a4 25. Rc1 Qe7 26. d4 exd4 27. e5 Rad8 28. e6 d3 29. Nh4 Nf6 30. exf7 Qxf7 31. Ng6+ Kh7 32. Bxd3 Bc5 33. Kh1 Bd6 34. Qe3 Rge8 35. Qf3 Ne5 36. Nxe5 Rxe5 37. c4 b4 38. Rcg1 Re7 39. Rxg7+ Qxg7 40. Rxg7+ Rxg7 41. Qe3 Bf4 42. Qxf4 Rxd3 43. Qxh6+ Kg8 44. Bxb4 Rf3 45. Bc5 Rf1+ 46. Kh2 Ng4+ 47. hxg4 Rh7 48. Qxh7+ Kxh7 49. Kg2 Rf4 50. Kg3 Rxc4 51. Be3 a3 52. g5 Kg7 53. Kf3 Rc2 54. Kf4 Rxa2 55. Bc5 c6 56. g6 Rd2 57. Bxa3 Kf6 58. Ke3 Rd5 59. Bb2+ Kxf5 60. g7 Rd8 61. Bd4 Ke6 1/2-1/2

[Event "BI-2012-F-00001"]
[Site "LSS email"]
[Date "2013.02.15"]
[Round "?"]
[White "Kuhne, Detlev"]
[Black "Bormida, Adolfo A"]
[Result "1/2-1/2"]
[WhiteElo "2261"]
[BlackElo "2262"]
[PlyCount "63"]
[EventDate "2013.02.20"]
[EventType "tourn (corr)"]
[EventRounds "10"]
[EventCountry "GER"]
[SourceTitle "Telechess CBM 163"]
[Source "ChessBase"]
[SourceDate "2014.11.11"]
[SourceVersion "2"]
[SourceVersionDate "2014.11.11"]
[SourceQuality "1"]

1. e4 d6 2. d4 Nf6 3. Nc3 e5 4. Nf3 Nbd7 5. Bc4 Be7 6. 0-0 0-0 7. Re1 c6 8. a4 b6 9. Ba2 a6 10. h3 Bb7 11. dxe5 Nxe5 12. Bf4 Ng6 13. Bh2 d5 14. e5 Nd7 15. Ne2 Nc5 16. c3 Nh4 17. Ned4 g6 18. Bb1 a5 19. Bg3 Ne6 20. Nh2 c5 21. Nb5 d4 22. Bxh4 Bxh4 23. Nd6 Bd5 24. Be4 Bxe4 25. Nxe4 h5 26. Nf3 Be7 27. Qd2 Ra7 28. Qh6 Re8 29. Rad1 Rd7 30. b3 Bf8 31. Qc1 Be7 32. Qh6 1/2-1/2

[Event "BI-2012-F-00001"]
[Site "LSS email"]
[Date "2013.02.15"]
[Round "?"]
[White "Wosch, Arkadiusz Janusz"]
[Black "Bormida, Adolfo A"]
[Result "1/2-1/2"]
[WhiteElo "2184"]
[BlackElo "2262"]
[PlyCount "87"]
[EventDate "2013.02.20"]
[EventType "tourn (corr)"]
[EventRounds "10"]
[EventCountry "GER"]
[SourceTitle "Telechess CBM 163"]
[Source "ChessBase"]
[SourceDate "2014.11.11"]
[SourceVersion "2"]
[SourceVersionDate "2014.11.11"]
[SourceQuality "1"]

1. e4 d6 2. d4 Nf6 3. Nc3 e5 4. Nf3 Nbd7 5. Bc4 Be7 6. 0-0 0-0 7. Re1 c6 8. a4 b6 9. d5 cxd5 10. Nxd5 Bb7 11. b3 Rc8 12. Re2 Nxd5 13. Bxd5 Bxd5 14. Qxd5 Qc7 15. Ba3 h6 16. Rd1 Nf6 17. Qd2 Rfd8 18. c4 Nd7 19. Re3 Nc5 20. Qe2 Ne6 21. g3 Rf8 22. Rd5 Rcd8 23. Ne1 Qc8 24. Qd1 Nc5 25. f3 Qe6 26. Nd3 Qh3 27. Re2 Qc8 28. Kg2 Qc6 29. Nb4 Qd7 30. Na2 h5 31. Nc3 h4 32. Bxc5 bxc5 33. Red2 f5 34. Rxc5 h3+ 35. Kh1 fxe4 36. Nxe4 Rxf3 37. Qxf3 Rf8 38. Qe2 Qf5 39. Kg1 dxc5 40. Rd3 Qe6 41. Qh5 g6 42. Qe2 a5 43. Nf2 Bg5 44. Rd5 1/2-1/2

[Event "CP-2012-P-00040"]
[Site "LSS email"]
[Date "2012.10.01"]
[Round "?"]
[White "Bormida, Adolfo A"]
[Black "Helmer, Janos"]
[Result "1/2-1/2"]
[WhiteElo "2262"]
[BlackElo "2021"]
[PlyCount "81"]
[EventDate "2012.10.05"]
[EventType "tourn (corr)"]
[EventRounds "6"]
[EventCountry "GER"]
[SourceTitle "Telechess CBM 163"]
[Source "ChessBase"]
[SourceDate "2014.11.11"]
[SourceVersion "2"]
[SourceVersionDate "2014.11.11"]
[SourceQuality "1"]

1. e4 e5 2. Nf3 Nc6 3. Bb5 a6 4. Ba4 Nf6 5. 0-0 Be7 6. Re1 b5 7. Bb3 d6 8. c3 0-0 9. h3 Nb8 10. d3 c5 11. Nbd2 Nc6 12. Nf1 Be6 13. Ne3 Qd7 14. Nd5 Bd8 15. Bg5 Bxd5 16. exd5 Na5 17. Bc2 Rc8 18. a4 Nxd5 19. axb5 axb5 20. d4 cxd4 21. cxd4 Bxg5 22. Nxg5 h6 23. Nh7 Rfe8 24. Rxa5 Qc7 25. Rxb5 Qxc2 26. Rxd5 Kxh7 27. Qxc2+ Rxc2 28. Rxd6 e4 29. Rd7 f5 30. Re3 Rxb2 31. Rg3 Rg8 32. Rf7 Rb5 33. h4 Rd5 34. Kh2 Rxd4 35. Rxf5 e3 36. Rxe3 Rxh4+ 37. Kg3 Ra4 38. Rf7 Kg6 39. Rc7 Ra6 40. Ree7 h5 41. Rb7 1/2-1/2

[Event "CP-2012-P-00040"]
[Site "LSS email"]
[Date "2012.10.01"]
[Round "?"]
[White "Bormida, Adolfo A"]
[Black "Kolanek, Roman"]
[Result "1-0"]
[WhiteElo "2262"]
[BlackElo "1973"]
[PlyCount "95"]
[EventDate "2012.10.05"]
[EventType "tourn (corr)"]
[EventRounds "6"]
[EventCountry "GER"]
[SourceTitle "Telechess CBM 163"]
[Source "ChessBase"]
[SourceDate "2014.11.11"]
[SourceVersion "2"]
[SourceVersionDate "2014.11.11"]
[SourceQuality "1"]

1. e4 e5 2. Nf3 Nc6 3. Bb5 a6 4. Ba4 Nf6 5. 0-0 Be7 6. Re1 b5 7. Bb3 0-0 8. h3 d6 9. c3 Na5 10. Bc2 c5 11. d4 cxd4 12. cxd4 Bb7 13. Nbd2 exd4 14. Nxd4 Rc8 15. b3 Re8 16. Bb2 Nd7 17. Nf1 Bf6 18. Qd2 Nc6 19. Nxc6 Bxc6 20. Bxf6 Nxf6 21. Ng3 g6 22. Rad1 Bb7 23. Bb1 d5 24. e5 Nd7 25. Qh6 Re7 26. f4 Qf8 27. Qh4 Rce8 28. Rc1 f6 29. Rc7 Nb8 30. Rxe7 Qxe7 31. Qg4 Kh8 32. f5 Nc6 33. e6 g5 34. Nh5 Qc5+ 35. Kh2 Qd6+ 36. Qg3 Qe7 37. Qc3 d4 38. Qd2 h6 39. Be4 Rd8 40. Rc1 Rf8 41. h4 d3 42. hxg5 hxg5 43. Bxc6 Qc7+ 44. g3 Bxc6 45. Qxd3 g4 46. Qd4 Qh7 47. Qxg4 Bd5 48. Qh4 1-0

[Event "CP-2012-P-00040"]
[Site "LSS email"]
[Date "2012.10.01"]
[Round "?"]
[White "Zavrazhnov, Andrey Anatolievich"]
[Black "Bormida, Adolfo A"]
[Result "1-0"]
[WhiteElo "2175"]
[BlackElo "2262"]
[PlyCount "92"]
[EventDate "2012.10.05"]
[EventType "tourn (corr)"]
[EventRounds "6"]
[EventCountry "GER"]
[SourceTitle "Telechess CBM 163"]
[Source "ChessBase"]
[SourceDate "2014.11.11"]
[SourceVersion "2"]
[SourceVersionDate "2014.11.11"]
[SourceQuality "1"]

1. e4 e5 2. Nf3 Nc6 3. Bb5 Nf6 4. 0-0 Nxe4 5. d4 Nd6 6. Bxc6 dxc6 7. dxe5 Nf5 8. Qxd8+ Kxd8 9. Nc3 Ke8 10. h3 h5 11. Bf4 Be7 12. Rad1 Be6 13. Ng5 Rh6 14. g3 Bxg5 15. Bxg5 Rg6 16. h4 f6 17. exf6 gxf6 18. Bf4 Nxh4 19. f3 Bh3 20. Rfe1+ Kf7 21. Kh2 Nxf3+ 22. Kxh3 Nxe1 23. Rxe1 Rd8 24. Ne4 Rc8 25. Kg2 Rgg8 26. Kf3 b6 27. Rh1 Kg6 28. Nc3 Rge8 29. Ne2 Rcd8 30. Be3 Re5 31. Nf4+ Kf7 32. Nxh5 Rh8 33. g4 f5 34. g5 Re4 35. Ng3 Rxh1 36. Nxh1 c5 37. Nf2 Rh4 38. Bf4 c6 39. Nd3 Rh3+ 40. Bg3 Rh1 41. Bb8 a6 42. Ba7 Kg6 43. Bxb6 c4 44. Nb4 Rb1 45. b3 Kxg5 46. Be3+ Kf6 1-0

[Event "SM-2012-0-00200"]
[Site "LSS email"]
[Date "2012.05.09"]
[Round "?"]
[White "Bormida, Adolfo A"]
[Black "Ireland, Jack Andrew"]
[Result "1-0"]
[WhiteElo "2284"]
[BlackElo "2415"]
[PlyCount "43"]
[EventDate "2012.04.18"]
[EventType "tourn (corr)"]
[EventRounds "6"]
[EventCountry "GER"]
[SourceTitle "Telechess CBM 159"]
[Source "ChessBase"]
[SourceDate "2014.03.17"]
[SourceVersion "1"]
[SourceVersionDate "2014.03.17"]
[SourceQuality "1"]

1. e4 c6 2. d4 d5 3. e5 Bf5 4. Nf3 e6 5. Be2 h6 6. 0-0 Ne7 7. c4 dxc4 8. Bxc4 Nd7 9. Nc3 Nb6 10. Bd3 Bxd3 11. Qxd3 Ned5 12. Ne4 Be7 13. Ne1 0-0 14. Qg3 Kh8 15. Qh3 Kg8 16. Nf3 Re8 17. g4 Nd7 18. g5 hxg5 19. Nfxg5 Nf8 20. Kh1 Bxg5 21. Bxg5 Qb6 22. Qg4 1-0

[Event "SM-2012-0-00198"]
[Site "LSS email"]
[Date "2012.04.24"]
[Round "?"]
[White "Skeels, Jim"]
[Black "Bormida, Adolfo A"]
[Result "1/2-1/2"]
[WhiteElo "2123"]
[BlackElo "2268"]
[PlyCount "114"]
[EventDate "2012.03.21"]
[EventType "tourn (corr)"]
[EventRounds "6"]
[EventCountry "GER"]
[SourceTitle "Telechess CBM 167"]
[Source "ChessBase"]
[SourceDate "2015.07.13"]
[SourceVersion "1"]
[SourceVersionDate "2015.07.13"]
[SourceQuality "1"]

1. d4 Nf6 2. Nc3 d5 3. e4 dxe4 4. f3 exf3 5. Nxf3 g6 6. Bc4 Bg7 7. 0-0 0-0 8. Bg5 Bg4 9. Qd2 Nc6 10. Rad1 Qd6 11. h3 Bxf3 12. Rxf3 Rad8 13. Rd3 Na5 14. Bb3 Nxb3 15. axb3 Rd7 16. d5 Rfd8 17. Qf2 a5 18. Bf4 Qa6 19. Qc5 Ne8 20. Re1 Bf6 21. Kh1 h5 22. Bh2 Nd6 23. Ra1 b6 24. Qc6 Qa8 25. b4 Bg7 26. bxa5 bxa5 27. Re1 Nf5 28. Qxa8 Rxa8 29. Na4 h4 30. Red1 Rdd8 31. b3 Re8 32. c4 Rac8 33. Re1 Bf6 34. Be5 Bxe5 35. Rxe5 Rb8 36. Nc5 Rec8 37. Kg1 Kg7 38. Kf2 c6 39. Na6 Rb6 40. Nc5 cxd5 41. Rexd5 Ng3 42. Na4 Rf6+ 43. Rf3 Rd6 44. Rxd6 exd6 45. Nc3 Nf5 46. Rd3 Kf6 47. Rd5 Rb8 48. Nb5 Ke6 49. Rd2 Rc8 50. Re2+ Kd7 51. Ra2 d5 52. cxd5 Rc5 53. Rxa5 Rxd5 54. Ra7+ Kc6 55. Nc3 Rd2+ 56. Ke1 Rxg2 57. Rxf7 Rg3 1/2-1/2

[Event "SM-2012-0-00198"]
[Site "LSS email"]
[Date "2012.04.23"]
[Round "?"]
[White "Bacino, Gustavo"]
[Black "Bormida, Adolfo A"]
[Result "1/2-1/2"]
[WhiteElo "2139"]
[BlackElo "2268"]
[PlyCount "76"]
[EventDate "2012.03.21"]
[EventType "tourn (corr)"]
[EventRounds "6"]
[EventCountry "GER"]
[SourceTitle "Telechess CBM 167"]
[Source "ChessBase"]
[SourceDate "2015.07.13"]
[SourceVersion "1"]
[SourceVersionDate "2015.07.13"]
[SourceQuality "1"]

1. e4 e5 2. Nf3 Nf6 3. Nxe5 d6 4. Nf3 Nxe4 5. d4 d5 6. Bd3 Nc6 7. 0-0 Be7 8. c4 Nb4 9. Be2 0-0 10. Nc3 Bf5 11. a3 Nxc3 12. bxc3 Nc6 13. Re1 Re8 14. Bf4 dxc4 15. Bxc4 Bd6 16. Rxe8+ Qxe8 17. Ng5 Bg6 18. Bxd6 cxd6 19. h4 Qe7 20. Qg4 h6 21. Nh3 Qe4 22. Qg3 Rc8 23. Bf1 Ne7 24. Qxd6 Nf5 25. Qf4 Qxf4 26. Nxf4 Rxc3 27. h5 Bh7 28. Nd5 Rb3 29. Rc1 Nd6 30. Ne7+ Kf8 31. Nc8 Nxc8 32. Rxc8+ Ke7 33. Be2 Bd3 34. Bxd3 Rxd3 35. Rc7+ Kf6 36. Rxb7 Rxa3 37. d5 a5 38. d6 Rd3 1/2-1/2

[Event "RM-2012-0-00095"]
[Site "LSS email"]
[Date "2012.04.23"]
[Round "?"]
[White "Bormida, Adolfo A"]
[Black "Jarabinsky, Martin"]
[Result "1/2-1/2"]
[WhiteElo "2306"]
[BlackElo "2165"]
[PlyCount "98"]
[EventDate "2012.03.23"]
[EventType "tourn (corr)"]
[EventRounds "6"]
[EventCountry "GER"]
[SourceTitle "Telechess CBM 155"]
[Source "ChessBase"]
[SourceDate "2013.07.16"]
[SourceVersion "1"]
[SourceVersionDate "2013.07.16"]
[SourceQuality "1"]

1. e4 c6 2. d4 d5 3. Nd2 dxe4 4. Nxe4 Bf5 5. Ng3 Bg6 6. h4 h6 7. h5 Bh7 8. Nf3 Nd7 9. Bd3 Bxd3 10. Qxd3 e6 11. Bf4 Qa5+ 12. Bd2 Bb4 13. c3 Be7 14. c4 Qc7 15. 0-0-0 Ngf6 16. Kb1 0-0 17. Qc2 Rad8 18. Ne2 Ng4 19. Bf4 Bd6 20. Bxd6 Qxd6 21. Nc1 c5 22. Nd3 cxd4 23. c5 Qb8 24. Nxd4 Nde5 25. Nc1 Rd5 26. Qe2 Rfd8 27. Ncb3 Nf6 28. Nb5 Nd3 29. Nd6 Nxc5 30. Rxd5 exd5 31. Nxc5 Rxd6 32. Qe5 Qf8 33. f3 d4 34. Nd3 Rd5 35. Qc7 Rd7 36. Qe5 b6 37. Rc1 Rd5 38. Qc7 Rd7 39. Qe5 Qa8 40. Qf5 Qe8 41. Re1 Qd8 42. g4 Re7 43. Rxe7 Qxe7 44. Ne5 Qb7 45. a3 Qc7 46. a4 a6 47. f4 Qb7 48. Kc2 Qg2+ 49. Kb3 Qd5+ 1/2-1/2

[Event "RM-2012-0-00095"]
[Site "LSS email"]
[Date "2012.04.23"]
[Round "?"]
[White "Bormida, Adolfo A"]
[Black "Simmelink, Joop Theo"]
[Result "1-0"]
[WhiteElo "2306"]
[BlackElo "2278"]
[PlyCount "115"]
[EventDate "2012.03.23"]
[EventType "tourn (corr)"]
[EventRounds "6"]
[EventCountry "GER"]
[SourceTitle "Telechess CBM 155"]
[Source "ChessBase"]
[SourceDate "2013.07.16"]
[SourceVersion "1"]
[SourceVersionDate "2013.07.16"]
[SourceQuality "1"]

1. e4 e5 2. Nf3 Nc6 3. d4 exd4 4. Bc4 Nf6 5. e5 d5 6. Bb5 Nd7 7. 0-0 Be7 8. Bxc6 bxc6 9. Nxd4 Nb8 10. Nc3 c5 11. Ndb5 c6 12. Nd6+ Bxd6 13. exd6 0-0 14. Bf4 Qf6 15. Qd2 Bf5 16. Rae1 Nd7 17. Re7 Nb6 18. b3 Rfe8 19. Rfe1 Rxe7 20. Rxe7 Bxc2 21. Na4 Nxa4 22. bxa4 Bf5 23. Be5 Qg6 24. h4 h6 25. Qb2 Kh7 26. Qb7 Rf8 27. d7 Rd8 28. Re8 Rxd7 29. Qb8 Qg4 30. Rh8+ Kg6 31. Bxg7 Qd1+ 32. Kh2 Kxg7 33. Qe5+ f6 34. Qe8 Bh7 35. h5 Rd8 36. Rxh7+ Kxh7 37. Qg6+ Kh8 38. Qxf6+ Kg8 39. Qxd8+ Kf7 40. Qd7+ Kf8 41. Qd6+ Kf7 42. Qg6+ Ke7 43. Qg7+ Ke8 44. Qxh6 Qd4 45. Qxc6+ Ke7 46. Qc7+ Kf6 47. Qg3 c4 48. h6 Kf7 49. Qg5 c3 50. h7 Qh8 51. Qxd5+ Kg7 52. Qd7+ Kg6 53. Qd3+ Kh6 54. Kg1 Qxh7 55. Qxc3 Qb1+ 56. Kh2 Qd1 57. a5 Qd6+ 58. Kh3 1-0

[Event "RM-2012-0-00095"]
[Site "LSS email"]
[Date "2012.04.23"]
[Round "?"]
[White "Sukhorskij, Vladimir Stanislavo"]
[Black "Bormida, Adolfo A"]
[Result "1/2-1/2"]
[WhiteElo "2126"]
[BlackElo "2306"]
[PlyCount "88"]
[EventDate "2012.03.23"]
[EventType "tourn (corr)"]
[EventRounds "6"]
[EventCountry "GER"]
[SourceTitle "Telechess CBM 155"]
[Source "ChessBase"]
[SourceDate "2013.07.16"]
[SourceVersion "1"]
[SourceVersionDate "2013.07.16"]
[SourceQuality "1"]

1. e4 e5 2. Nf3 Nc6 3. Bb5 a6 4. Ba4 Nf6 5. 0-0 Be7 6. Re1 0-0 7. Bxc6 bxc6 8. Nxe5 Bb7 9. d4 d5 10. exd5 cxd5 11. Bg5 Qd6 12. Nd2 Rae8 13. Nb3 Bc8 14. Nc5 Ne4 15. Bxe7 Qxe7 16. Ned3 Qg5 17. f3 Nxc5 18. Nxc5 h5 19. Qc1 Qf5 20. Qd2 h4 21. Qf2 Qf6 22. a4 a5 23. Nb3 h3 24. g3 Qb6 25. Qd2 Bf5 26. Qc3 Rb8 27. Re2 Rfe8 28. Rxe8+ Rxe8 29. Kf2 Rb8 30. Re1 Qb4 31. Re3 Qxc3 32. bxc3 Bxc2 33. Nc5 f5 34. Re2 Bd1 35. Re1 Bc2 36. Ke3 g5 37. Ne6 Bxa4 38. Nxg5 Bc6 39. Kf4 a4 40. Nxh3 Rb2 41. Ke5 a3 42. Nf4 a2 43. Ra1 Rxh2 44. Kxf5 Kf7 1/2-1/2